| 000 | 00739nam a2200289 a 4500 | ||
|---|---|---|---|
| 003 | AR-BaBNM | ||
| 005 | 20251128202759.0 | ||
| 008 | 082120s2002 ||||||||||||||000 | spa|| | ||
| 040 | _cAR-BaBNM | ||
| 100 | 1 | _aPaoli, Pedro de | |
| 245 | 0 | 0 | _aFacundo |
| 250 | _a1ª ed. | ||
| 260 |
_aBuenos Aires _bPlus Ultra _c1974 |
||
| 300 | _a573 p. | ||
| 490 | 0 |
_aLos argentinos _vv. 2 |
|
| 500 | _aContiene referencias bibliográficas en p. 569 | ||
| 650 | 4 | _aHISTORIA ARGENTINA | |
| 650 | 4 | _aBIOGRAFIAS | |
| 650 | 4 | _aGUERRAS CIVILES ARGENTINAS | |
| 650 | 4 | _aANARQUIA DE 1820 | |
| 650 | 4 | _aCAUDILLOS ARGENTINOS | |
| 650 | 4 | _aHISTORIA POLITICA | |
| 650 | 4 | _aHISTORIA SOCIAL | |
| 655 | _aBIOGRAFIAS | ||
| 942 | _cBK | ||
| 998 | _cMARTIN | ||
| 999 |
_c537 _d537 |
||